000 00604nam a22002177a 4500
003 UA-OsUOA
001 135692
007 ta
008 20190211b un ||||| |||| 00| 0 ukr d
100 _aМолдаван Л. В.
090 _a330(477)
_bМ75
942 _cSA
040 _aUA-OsUOA
_bukr
_cUA-OsUOA
_dUA-OsUOA
245 _aТеоретичні засади агроекономіки: ретроспектива і сучасність
300 _aС.122-136
955 _a0
041 _aukr
080 _a330(477)
773 0 _w135683
650 7 _a330 Економіка взагалі
_2UDC
999 _c422354
_d422354